Kampf um Mitbestimmung : Antworten auf »Union Busting« und die Behinderung von Betriebsräten.

Bibliographic Details
Main Author: Thünken, Oliver.
Other Authors: Morgenroth, Sissy., Hertwig, Markus., Fischer, Alrun., Menning, Daniel.
Format: eBook
Language:German
Published: Bielefeld : transcript, 2020.
Edition:1st ed.
Series:Forschung aus der Hans-Böckler-Stiftung
Subjects:
Online Access:Click to View
LEADER 01692nam a22004213i 4500
001 EBC6761564
003 MiAaPQ
005 20231204023219.0
006 m o d |
007 cr cnu||||||||
008 231204s2020 xx o ||||0 ger d
020 |a 9783839453759  |q (electronic bk.) 
020 |z 9783837653755 
035 |a (MiAaPQ)EBC6761564 
035 |a (Au-PeEL)EBL6761564 
035 |a (OCoLC)1202624953 
040 |a MiAaPQ  |b eng  |e rda  |e pn  |c MiAaPQ  |d MiAaPQ 
100 1 |a Thünken, Oliver. 
245 1 0 |a Kampf um Mitbestimmung :  |b Antworten auf »Union Busting« und die Behinderung von Betriebsräten. 
250 |a 1st ed. 
264 1 |a Bielefeld :  |b transcript,  |c 2020. 
264 4 |c {copy}2020. 
300 |a 1 online resource (260 pages) 
336 |a text  |b txt  |2 rdacontent 
337 |a computer  |b c  |2 rdamedia 
338 |a online resource  |b cr  |2 rdacarrier 
490 1 |a Forschung aus der Hans-Böckler-Stiftung ;  |v v.196 
588 |a Description based on publisher supplied metadata and other sources. 
590 |a Electronic reproduction. Ann Arbor, Michigan : ProQuest Ebook Central, 2023. Available via World Wide Web. Access may be limited to ProQuest Ebook Central affiliated libraries.  
655 4 |a Electronic books. 
700 1 |a Morgenroth, Sissy. 
700 1 |a Hertwig, Markus. 
700 1 |a Fischer, Alrun. 
700 1 |a Menning, Daniel. 
776 0 8 |i Print version:  |a Thünken, Oliver  |t Kampf um Mitbestimmung  |d Bielefeld : transcript,c2020  |z 9783837653755 
797 2 |a ProQuest (Firm) 
830 0 |a Forschung aus der Hans-Böckler-Stiftung 
856 4 0 |u https://ebookcentral.proquest.com/lib/matrademy/detail.action?docID=6761564  |z Click to View